00000000cas 2200000zi 4500
0019.963143
003CaOODSP
00520260528132838
006m     o  d f      
007cr cn ||||||||
008260528d20052006nscfr p o    f0### 0fre|d
022 |y1712-9230
040 |aCaOODSP|bfre|erda|cCaOODSP
043 |an-cnm--|an-cn-nf
0861 |aIu2-9F-PDF
24500|aConnexion atlantique : |ble bulletin atlantique d'Industrie Canada.
264 1|aHalifax (N.É.) : |bIndustrie Canada = Industry Canada, |c[2005-2006?]
310 |aSemiannuel
336 |atexte|btxt|2rdacontent/fre
337 |ainformatique|bc|2rdamedia/fre
338 |aressource en ligne|bcr|2rdacarrier/fre
3621 |aParaît depuis : Printemps 2005; ne paraît plus après automne 2006?
500 |aPublié aussi en anglais sous le titre : Atlantic connection.
500 |aÉdition numérisée de l'imprimé [par Innovation, sciences et développement économique Canada].
588 |aDescription d'après : Printemps 2005; titre de départ du fichier PDF.
588 |aDernière livraison consultée : Printemps 2006.
61016|aCanada. |bIndustrie Canada|vPériodiques.
651 6|aProvinces de l'Atlantique|xConditions économiques|vPériodiques.
655 7|aPériodiques|2rvmgf
7101 |aCanada. |bIndustrie Canada, |eorganisme de publication.
77508|tAtlantic connection : |w(CaOODSP)9.963144